| 000 | 00545nam a2200181Ia 4500 | ||
|---|---|---|---|
| 008 | 090630s9999 xx 000 0 und d | ||
| 082 | _b9318 | ||
| 100 | _aवर्दे मोहिनी. | ||
| 245 |
_aटिझर. _cवर्दे मोहिनी. |
||
| 260 |
_bडिंपल - वसई. _c1987 |
||
| 300 | _a112 | ||
| 600 | _aवर्दे मोहिनी. | ||
| 630 | _aटिझर. | ||
| 655 | _aकादंबरी. | ||
| 700 | _aवर्दे मोहिनी. | ||
| 730 | _aटिझर. | ||
| 942 | _cBOOK | ||
| 999 |
_c261174 _d261174 |
||